LIBRARY & INFORMATION CENTRE, KCAET, TAVANUR

ONLINE PUBLIC ACCESS CATALOGUE (OPAC)

Arc weldanam (Record no. 17761)

MARC details
000 -LEADER
fixed length control field 00397nam a22001577a 4500
003 - CONTROL NUMBER IDENTIFIER
control field OSt
008 - FIXED-LENGTH DATA ELEMENTS--GENERAL INFORMATION
fixed length control field 231026b |||||||| |||| 00| 0 eng d
041 ## - LANGUAGE CODE
Language code of text/sound track or separate title mal
082 ## - DEWEY DECIMAL CLASSIFICATION NUMBER
Classification number 637.5212
Item number GEO/ARC
100 ## - MAIN ENTRY--AUTHOR NAME
Personal name Almeida, George D
245 ## - TITLE STATEMENT
Title Arc weldanam
260 ## - PUBLICATION, DISTRIBUTION, ETC. (IMPRINT)
Place of publication Thiruvananthapuram :
Name of publisher State Institute of Languages,
Year of publication 1974.
300 ## - PHYSICAL DESCRIPTION
Number of Pages 102p.
650 ## - SUBJECT ADDED ENTRY--TOPICAL TERM
Topical Term Arc welding
942 ## - ADDED ENTRY ELEMENTS (KOHA)
Koha item type Books
Holdings
Withdrawn status Lost status Damaged status Home library Current library Date acquired Cost, normal purchase price Full call number Accession Number Koha item type
      KAUAET KAUAET 26/10/2023 4.25 637.5212 GEO/ARC 14154 Books
free website counter